000 00379nam a22001457a 4500
020 _a81-7866-029-6
082 _a300
_bDES/A
100 _aDESAI, R.G
245 _aAGRICULTURAL ECONOMICS
_bMODELS, PROBLEMS & POLICY ISSUES
250 _aSECOND EDITION
260 _aMUMBAI
_bHIMALAYA PUBLISHING HOUSE
_c2001
300 _a323
650 _aECONOMICS REFERENCE
_zINDIA
942 _cBK
999 _c1692
_d1692